[Event "Backa Palanka op 2nd"]
[Site "Backa Palanka"]
[Date "2001.05.05"]
[Round "4"]
[White "Srdjanov, Stevan"]
[Black "Joksic, Tomislav"]
[Result "1/2-1/2"]
[WhiteElo "2186"]
[BlackElo "2158"]
[PlyCount "100"]
[EventDate "2001.05.02"]
[EventType "swiss"]
[EventRounds "9"]
[EventCountry "YUG"]
[SourceTitle "EXT 2002"]
[Source "ChessBase"]
[SourceDate "2001.11.25"]
[SourceVersion "1"]
[SourceVersionDate "2001.11.25"]
[SourceQuality "1"]

1. c4 Nf6 2. Nc3 c5 3. Nf3 Nc6 4. g3 g6 5. Bg2 Bg7 6. 0-0 0-0 7. a3 a6 8. Rb1 Rb8 9. d3 d6 10. b4 cxb4 11. axb4 Nd7 12. Qc2 Nde5 13. Nxe5 Nxe5 14. b5 b6 15. h3 a5 16. Bb2 Bb7 17. e4 Nd7 18. Ne2 Bxb2 19. Rxb2 e5 20. f4 f5 21. fxe5 dxe5 22. exf5 Bxg2 23. Kxg2 gxf5 24. d4 Qg5 25. dxe5 Nxe5 26. Nf4 Rbe8 27. c5 bxc5 28. Qxc5 Qd8 29. b6 Qd7 30. b7 Qc6+ 31. Qxc6 Nxc6 32. Rc1 Nb4 33. Rc5 Rb8 34. Rxa5 Rxb7 35. Ne6 Re8 36. Nd4 Nc6 37. Rxb7 Nxa5 38. Rb5 Nc4 39. Nxf5 Ne3+ 40. Nxe3 Rxe3 41. Rb7 Rc3 42. h4 h6 43. Kh3 Rc4 44. Re7 Rb4 45. Kg2 Rb3 46. Kf2 Ra3 47. Re3 Ra4 48. Kf3 Kg7 49. Re4 Ra5 50. Kf4 Ra7 1/2-1/2

[Event "Backa Palanka op 2nd"]
[Site "Backa Palanka"]
[Date "2001.05.02"]
[Round "1"]
[White "Joksic, Tomislav"]
[Black "Milu, Romeo Sorin"]
[Result "0-1"]
[WhiteElo "2158"]
[BlackElo "2433"]
[PlyCount "148"]
[EventDate "2001.05.02"]
[EventType "swiss"]
[EventRounds "9"]
[EventCountry "YUG"]
[SourceTitle "EXT 2002"]
[Source "ChessBase"]
[SourceDate "2001.11.25"]
[SourceVersion "1"]
[SourceVersionDate "2001.11.25"]
[SourceQuality "1"]

1. e4 c5 2. Nf3 d6 3. d4 cxd4 4. Nxd4 Nf6 5. Nc3 g6 6. Be2 Bg7 7. 0-0 Nc6 8. Be3 0-0 9. Kh1 d5 10. Nxc6 bxc6 11. e5 Ne8 12. f4 f6 13. exf6 Bxf6 14. Bd4 Ng7 15. Bxf6 Rxf6 16. Qd2 Qf8 17. Rae1 Qf7 18. Na4 Ne6 19. g3 Ng7 20. Nc5 Bh3 21. Rg1 Bf5 22. Bf3 Rb8 23. c3 Rd8 24. Bg2 Ne6 25. Nxe6 Rxe6 26. Rxe6 Qxe6 27. b4 Qf6 28. Re1 d4 29. cxd4 Rxd4 30. Qc1 Rxb4 31. Qxc6 Qxc6 32. Bxc6 Kf7 33. Re2 Be6 34. Kg2 Rc4 35. Bb5 Rc1 36. Kf2 Ra1 37. a4 Bb3 38. Re4 Kf6 39. h3 Ra2+ 40. Re2 Ra1 41. Re4 Bd5 42. Re3 a5 43. Rc3 Rh1 44. Bf1 Rh2+ 45. Ke1 Ra2 46. Rc5 Bb3 47. Rxa5 Rxa4 48. Rxa4 Bxa4 49. g4 g5 50. f5 Ke5 51. Kf2 Kf4 52. Bd3 h6 53. Be2 Bc6 54. Bd1 Bb5 55. Bc2 Bc4 56. Bd1 Bd3 57. Bf3 Bf1 58. Bg2 Bc4 59. Bf3 Bb3 60. Be2 Bc2 61. Bc4 Bd1 62. Bf7 Bf3 63. Bh5 Be4 64. Bf7 Bc2 65. Bh5 Bd1 66. Ke1 Ba4 67. Kf2 Bc2 68. Bf7 Be4 69. Be8 Bd5 70. Bg6 Bb3 71. Be8 Bd1 72. Bd7 h5 73. Bc8 hxg4 74. hxg4 Bxg4 0-1